Doctrina social y económica de los Padres de la Iglesia (Record no. 57081)

MARC details
000 -LEADER
campo de control de longitud fija 00729nam a2200193 i 4500
001 - NÚMERO DE CONTROL
campo de control 57081
003 - IDENTIFICADOR DE NÚMERO DE CONTROL
campo de control ES-MaACL
005 - FECHA Y HORA DE LA ÚLTIMA TRANSACCIÓN
campo de control 20230906163517.0
007 - CAMPO FIJO DE DESCRIPCIÓN FÍSICA--INFORMACIÓN GENERAL
campo de control de longitud fija t|
008 - DATOS DE LONGITUD FIJA--INFORMACIÓN GENERAL
campo de control de longitud fija 031014s1967 sp ||||1| spa d
245 00 - MENCIÓN DEL TÍTULO
Título Doctrina social y económica de los Padres de la Iglesia
Resto del título : colección general de documentos y textos /
Mención de responsabilidad, etc. Restituto Sierra Bravo ; prefacio por Florentino del Valle.
260 ## - PUBLICACIÓN, DISTRIBUCIÓN, ETC.
Lugar de publicación, distribución, etc. Madrid :
Nombre del editor, distribuidor, etc. Compañía Bibliográfica Española,
Fecha de publicación, distribución, etc. [1967]
300 ## - DESCRIPCIÓN FÍSICA
Extensión 1056 p. ;
Dimensiones 21 cm.
650 #4 - PUNTO DE ACCESO ADICIONAL DE MATERIA--TÉRMINO DE MATERIA
Término de materia o nombre geográfico como elemento de entrada Cristianismo-
Subdivisión general Doctrina social.
9 (RLIN) 171595
700 1# - ENTRADA AGREGADA--NOMBRE PERSONAL
Nombre de persona Sierra Bravo, Restituto.
9 (RLIN) 106265
700 1# - ENTRADA AGREGADA--NOMBRE PERSONAL
Nombre de persona Valle, Florentino del.
9 (RLIN) 112759
710 2# - ENTRADA AGREGADA--NOMBRE DE ENTIDAD CORPORATIVA
Nombre de entidad corporativa o nombre de jurisdicción como elemento de entrada Compañía Bibliográfica Española.
9 (RLIN) 171207
852 ## - LOCALIZACIÓN
Ubicación ES-MaACL
Número de control de estantería C-32397
Holdings
Estatus retirado Estado de pérdida Estado de daño No para préstamo Biblioteca de origen Biblioteca actual Ubicación en estantería Fecha de adquisición Fuente de adquisición Total de préstamos Signatura topográfica completa Código de barras Visto por última vez Precio de reemplazo Tipo de ítem Koha
        Biblioteca del Ateneo de Madrid Biblioteca del Ateneo de Madrid Depósito 2 17/01/2008     C-32397 1059935 23/02/2023 23/02/2023 Libro impreso